| 000 | 00359nam a2200145Ia 4500 | ||
|---|---|---|---|
| 008 | 230917s9999||||xx |||||||||||||| ||und|| | ||
| 040 |
_e201966 _aMAIN |
||
| 041 | _aEnglish | ||
| 082 | _a547.2 A48O | ||
| 100 | _aAhluwalia, V K | ||
| 245 | 0 | _aOxidation in organic synthesis | |
| 260 |
_aNew Delhi _bAne Books _c2012 |
||
| 300 | _axiii, 323 p. | ||
| 942 | _cBK | ||
| 999 |
_c160920 _d160920 |
||